000 00801nam a22002535a 4500
999 _c7355
_d7355
001 80147
003 OSt
005 20211008113655.0
008 950309s1991 sz 000 0 eng
010 _a 95124786
020 _a283170085X
040 _aDLC
_cDDC
050 0 0 _aACQUISITION IN PROCESS
082 _a577.30913HOW 1991.
100 1 _aHoward, Peter C.;
_915071
245 1 0 _aNature conservation in Uganda's tropical forest reserves.
_cEdited by Howard, Peter C.;
260 _aGland :
_bIUCN, International Union for Conservation of Nature and Natural Resources,
_c1991.
300 _axvii,313p;
_bill;
_c24cm.
504 _aIncludes; References.
650 _aBiology.
_95602
906 _a0
_bibc
_corignew
_d3
_encip
_f19
_gy-gencatlg
942 _2ddc
_cO_SHELF